| 000 | 00689nam a2200205 4500 | ||
|---|---|---|---|
| 001 | 23275 | ||
| 005 | 20230410120924.0 | ||
| 008 | 060907n2002 dr spa | ||
| 020 | _a0155071025 | ||
| 035 | _9funglode23443 | ||
| 041 | _aEN | ||
| 050 | 1 | 4 | _aJC 421 C737 2002 |
| 245 | 0 |
_aComparative democracy and democratization / _c edited by Howard J. Wiarda and Center for Strategic and International Studies (CSIS) |
|
| 260 |
_aFort Worth : _bHarcourt College Publishers, _c2002 |
||
| 300 | _aix, 182 p | ||
| 440 | _aNew horizons in comparative politics | ||
| 610 | _aCenter for Strategic and International Studies (CSIS) | ||
| 700 | _aWiarda, Howard J. | ||
| 942 |
_2lcc _cbk |
||
| 999 |
_c54477 _d54477 |
||